000
00298nam a2200145Ia 4500
100
_a
Sisler/H.H
650
_a
Chemistry
942
_c
BK
654
_a
chemistry
245
_a
General Chemistry
260
_b
Macmillon & co
_a
NEWYORK
_c
1949
082
_a
540
300
_a
870
546
_a
ENGLISH
999
_c
23007
_d
23007